000
00273nam a22001337a 4500
008
180118b xxu||||| |||| 00| 0 eng d
020
_a
9780030923425
041
_a
eng
080
_a
510
100
_a
36
101
_a
MAT
245
_a
Algebra 1
_c
Holt
942
_2
udc
_c
BK
999
_c
40444
_d
40444